00374 2200157 4500001002100000005001500021035002000036245004500056100001400101300001200115260003300127082000800160084001400168020002200182990001200204INLIS00000000000179920250506094622 a0010-05250000911 aSekotak Senja Untuk Nirbita /cYupitawdr0 aYupitawdr a348 hlm aDepok :bAkad x Skuad,c2025 a813 a813 YUP s a978-623-09-2217-6 a0754574